ভবদহের গল্প এবং অন্যান্য / (Record no. 173)
[ view plain ]
| 000 -LEADER | |
|---|---|
| fixed length control field | 00730nam a2200229 a 4500 |
| 001 - CONTROL NUMBER | |
| JCCL Control Number | 173 |
| 003 - CONTROL NUMBER IDENTIFIER | |
| JCCL marc code | BD-JhCC |
| 005 - DATE AND TIME OF LATEST TRANSACTION | |
| control field | 20181026134006.0 |
| 008 - FIXED-LENGTH DATA ELEMENTS--GENERAL INFORMATION | |
| fixed length control field | 171001s20072011bg |||| || | 000 j ben d |
| 020 ## - INTERNATIONAL STANDARD BOOK NUMBER | |
| International Standard Book Number | 984422224X |
| 035 ## - SYSTEM CONTROL NUMBER | |
| system control number | (BD-JhCC)173 |
| 040 ## - CATALOGING SOURCE | |
| Original cataloging agency | BD-JhCC |
| Modifying agency | BD-JhCC |
| 041 ## - LANGUAGE CODE | |
| Language code of Book | ben |
| 082 ## - DEWEY DECIMAL CLASSIFICATION NUMBER | |
| Classification number | 891.4435 |
| Author mark and Year | IQB 2011 |
| DDC Edition number | 23 |
| 100 ## - MAIN ENTRY--PERSONAL NAME | |
| Personal name | ইকবাল, মুহম্মদ জাফর |
| 245 ## - TITLE STATEMENT | |
| Title | ভবদহের গল্প এবং অন্যান্য / |
| Statement of responsibility, etc | মুহম্মদ জাফর ইকবাল |
| 260 ## - PUBLICATION, DISTRIBUTION, ETC. (IMPRINT) | |
| Place of publication, distribution, etc | ঢাকা : |
| Name of publisher, distributor, etc | বিদ্যা প্রকাশনী ; |
| Date of publication, distribution, etc | 2011 |
| 300 ## - PHYSICAL DESCRIPTION | |
| Pagination | 127p. ; |
| Dimensions | 22cm. |
| 650 ## - SUBJECT ADDED ENTRY--TOPICAL TERM | |
| Topical term or geographic name as entry element | Short stories, Bengali |
| 942 ## - ADDED ENTRY ELEMENTS (KOHA) | |
| Source of classification or shelving scheme | Dewey Decimal Classification |
| Koha item type | Books |
| Koha issues (borrowed), all copies | 2 |
| Source of classification or shelving scheme | Damaged status | Not for loan | Home library | Current library | Shelving location | Date of accession | Source of acquisition | Cost, normal purchase price | Total Checkouts | Full call number | Barcode | Date last seen | Date checked out | Copy number | Koha item type |
|---|---|---|---|---|---|---|---|---|---|---|---|---|---|---|---|
| Dewey Decimal Classification | JCC Rouf Library | JCC Rouf Library | General Stacks | 01/10/2017 | IPDC | 150.00 | 1 | 891.4435 IQB 2011 | 1364 | 10/25/2018 | 10/25/2018 | C-1 | Books |